Colegiales del corregimiento del Maule en la Real Universidad de San Felipe
Guardat en:
| Autor principal: | |
|---|---|
| Format: | Llibre |
| Idioma: | espanyol |
| Publicat: |
Santiago
Universitaria
1973
|
| Matèries: | |
| Etiquetes: |
Afegir etiqueta
Sense etiquetes, Sigues el primer a etiquetar aquest registre!
|
MARC
| LEADER | 00000nam a2200000 a 4500 | ||
|---|---|---|---|
| 001 | UCS3022 | ||
| 003 | CL-VaPUC | ||
| 008 | 970613e19730000CL |||||||||||||||||spa|d | ||
| 082 | 0 | 4 | |a 378.008 |b LIR |2 21 |
| 100 | |a Lira Montt, Luis |e autor |9 445990 | ||
| 245 | 1 | 0 | |a Colegiales del corregimiento del Maule en la Real Universidad de San Felipe |
| 300 | |a 29 p | ||
| 942 | |c BK | ||
| 945 | |d 19970613 00:00:00 |a lriquelm | ||
| 260 | |a Santiago |b Universitaria |c 1973 | ||
| 500 | |a Separata de Homenaje al Profesor Guillermo Feliu Cruz | ||
| 600 | 0 | 7 | |a REAL UNIVERSIDAD DE SAN FELIPE |2 CL-VaPUC |9 388994 |
| 650 | 0 | |a Universidades |9 256317 | |
| 650 | 0 | |a Educación superior |9 223851 | |
| 650 | 0 | |a Estudiantes |9 257640 | |
| 650 | 0 | |a Fuentes de información |9 337538 | |
| 651 | 7 | |a CHILE |2 CL-VaPUC |9 388995 | |
| 583 | |a last modification |c 20170606 01:03:34 |k Rodrigo Vera | ||
| 999 | |c 260889 |d 260887 | ||
| 952 | |0 0 |1 0 |4 0 |6 378_008000000000000_LIR_1973 |7 0 |8 P |9 287512 |a BIBDER |b BIBDER |d 2019-11-19 |i 1865862 |o 378.008 LIR 1973 |p 1865862 |r 2023-01-25 |w 2019-11-19 |y BK |k DER | ||